000 00780nam a22003017a 4500
003 OSt
005 20140310182019.0
008 130731t xxu||||| |||| 00| 0 eng d
020 _a0553480081
020 _a0553157590
020 _a0553157582
020 _a0553482157
050 _aPZ 7
_b.P278 1993, 1989 , 1995
082 _aKF
_bSt4sv
245 _aSweet Valley Kids
_c Francine Pascal.
260 _aNew York :
_bBantam Books,
_cc1995.
300 _e19 cm.
541 _j1
541 _j1
541 _j1
541 _j1
562 _e1
830 _aJessica's Monster Nightmare
_96916
830 _aRun Away Hamster
_96917
830 _aSurprise! suprise1
_96918
830 _aThe Halloween war
_96919
942 _2lcc
_cBK-KF
_kKF
999 _c8310
_d8310